000 00257nam a2200109Ia 4500
008 230907s9999||||xx |||||||||||||| ||und||
082 _a958
_bTUC
245 4 _aThe Silk Road :
260 _aI. B. Tauris,
_bNew York :
_c2015
300 _a220 p.
942 _cBK
999 _c600470
_d600470